| 000 | 00579nam a22002177a 4500 | ||
|---|---|---|---|
| 005 | 20150415062418.0 | ||
| 008 | 100324s2010 nyua 001 0 eng | ||
| 020 | _a9780071634878 | ||
| 041 | 0 | _aeng | |
| 080 | _a004.42 | ||
| 100 | 1 | _aMatthews, Martin S. | |
| 245 | 1 | 0 |
_aMicrosoft Office Word 2010 quicksteps / _cMarty Matthews. |
| 260 |
_aNew York : _bMcGraw-Hill, _c2010. |
||
| 300 |
_a253 f. : _bme il.; _c20 cm. |
||
| 505 | 0 | _aIndex: f. 241 - 253 | |
| 630 | 0 | 0 | _aMicrosoft Word. |
| 650 | 0 | _aKompjuterat | |
| 650 | 0 | _aProgramet | |
| 830 | 0 | _aQuickSteps. | |
| 942 |
_2udc _cBK |
||
| 999 |
_c700 _d700 |
||